000 00609nam a22001817a 4500
999 _c9497
_d9497
008 180705b ||||| |||| 00| 0 eng d
020 _a978-1-305-10764-9
082 _22017
_aDC 701.119
_bF445
100 _928215
_aFicher-Rathus, Lois.
245 _aUnderstanding art/
_cLois Fichner-Rathus
250 _aEleventh Edition
260 _aAustralia:
_bCENGAGE Learning,
_c©2017.
300 _avi, 609 pages:
_bcolor Illustrations;
_c27 cm.
521 _aIncludes glossary, credits and index.
650 0 _928217
_aArt appreciation -- Study and teaching (Higher).
365 _b8,431.20
_cPhp.
942 _2ddc
_cDC